MARC

LEADER 00000nam0a2200000 4500
001 684163
005 20251229132216.0
090 |a 684163 
100 |a 20251229d1977 km|y0rusy50 ca 
101 0 |a rus 
102 |a RU 
105 |a a z 001yy 
181 0 |a i   |b  e  
182 0 |a n 
183 0 |a nc  |2 RDAcarrier 
200 1 |a Экономика разработки нефтяных месторождений  |f Л. П. Гужновский 
203 |a Текст  |b визуальный  |c непосредственный 
210 |a Москва  |c Недра  |d 1977 
215 |a 256 с.  |c ил. 
283 |a volume  |2 RDAcarrier 
320 |a Список литературы: с. 249-253 
606 |a Нефтедобыча  |x Системы разработки  |x Экономическая эффективность  |x Технико-экономический анализ  |x Технико-экономические расчеты  |9 64885 
610 1 |a нефтяные месторождения 
610 1 |a разработка 
610 1 |a эксплуатация 
610 1 |a экономическая эффективность 
610 1 |a СССР 
610 1 |a конечная нефтеотдача 
610 1 |a повышение 
610 1 |a нефть 
610 1 |a добыча 
610 1 |a планирование 
675 |a 622.276.013  |v 4 
700 1 |a Гужновский  |b Л. П.  |g Лев Петрович 
801 0 |a RU  |b 63413507  |c 20251229 
830 |a Ретро2025Каталогизация Шило 
850 |a 63413507 
942 |c BK